000 01165nam a2200301 i 4500
001 13745
003 ES-MaACL
005 20250823085841.0
007 t|
008 980703s1997 sp |||| | spa d
020 _a84-7658-522-5
080 _a82.01
100 1 _aBajtin, Mijail Mijaïlovich.
_924764
245 1 0 _aHacia una filosofía del acto ético ;
_bDe los borradores ; Y otros escritos /
_cMijail M. Bajtin ; comentarios de Iris M. Zavala y Augusto Ponzio ; traducción del ruso de Tatiana Bubnova.
246 3 _aDe los borradores
250 _a1ª ed.
260 _aBarcelona :
_bAnthropos ;
_aSan Juan de Puerto Rico :
_bUniversidad,
_c1997.
300 _aXX, 249 p. ;
_c20 cm.
490 1 _aPensamiento crítico/pensamiento utópico ;
_v100. Estudios culturales
650 4 _aLiteratura-
_xFilosofía.
_914488
700 1 _aZavala, Iris M.
_9118105
700 1 _aPonzio, Augusto.
_993072
700 1 _aBubnova, Tatiana.
_932270
710 2 _aUniversidad de Puerto Rico
_97273
830 1 _aPensamiento crítico/pensamiento utópico ;
_v100. Estudios culturales
_9177290
852 _aES-MaACL
_jL-21344
999 _c13745
_d13745